Sanshiro : (Record no. 602406)

MARC details
000 -LEADER
fixed length control field 00461nam a2200181 a 4500
008 - FIXED-LENGTH DATA ELEMENTS--GENERAL INFORMATION
fixed length control field 251211s2010##################000#0#eng##
020 ## - INTERNATIONAL STANDARD BOOK NUMBER
ISBN 9780140455625
082 04 - DEWEY DECIMAL CLASSIFICATION NUMBER
Classification number 895.6342NAT
100 1# - MAIN ENTRY--AUTHOR NAME
Personal name Soseki, Natsume,
245 10 - TITLE STATEMENT
Title Sanshiro :
260 ## - PUBLICATION, DISTRIBUTION, ETC. (IMPRINT)
Name of publisher National Geographic Books,
Year of publication 2010.
650 #0 - SUBJECT ADDED ENTRY--TOPICAL TERM
Topical Term Fiction.
942 ## - ADDED ENTRY ELEMENTS (KOHA)
Koha item type English Books
Holdings
Withdrawn status Lost status Damaged status Not for loan Home library Current library Date acquired Full call number Accession Number Price effective from Koha item type
        Anna Centenary Library Anna Centenary Library 13.12.2025 895.6342NAT 390929 13.12.2025 English Books

Find us on the map